| 000 -LEADER |
| fixed length control field |
00351nam a22001457a 4500 |
| 008 - FIXED-LENGTH DATA ELEMENTS--GENERAL INFORMATION |
| fixed length control field |
230428b ||||| |||| 00| 0 eng d |
| 020 ## - INTERNATIONAL STANDARD BOOK NUMBER |
| International Standard Book Number |
0816043353 |
| 041 ## - LANGUAGE CODE |
| Language code of text/sound track or separate title |
eng |
| 080 ## - UNIVERSAL DECIMAL CLASSIFICATION NUMBER |
| Edition identifier |
REVISED EDITION VOLUME 1 |
| Universal Decimal Classification number |
030 |
| 082 ## - DEWEY DECIMAL CLASSIFICATION NUMBER |
| Classification number |
030QUE |
| 100 ## - Rafti |
| Rafti |
44 |
| 101 ## - Shkurtesa |
| Shkurtesa |
ENCIKLO |
| 245 ## - TITLE STATEMENT |
| Title |
AMERICAN RELIGIOUS HISTORY |
| Statement of responsibility, etc |
QUEEN.II .L.E |
| 942 ## - ADDED ENTRY ELEMENTS (KOHA) |
| Source of classification or shelving scheme |
|
| Item type |
Books |